| 000 | 00767nam a2200217Ia 4500 | ||
|---|---|---|---|
| 001 | 13965 | ||
| 003 | GE_BSU | ||
| 008 | 181216s||||||||xx |||||||||||||| ||und|| | ||
| 040 | _cGE_BSU | ||
| 080 | _a621.3.06(075.8) | ||
| 100 | _aПоливанов,К.М. | ||
| 245 | _aТеоретические основы электроники. Линейные электрические цепи с сосредоточенными постоянными. Том 1. | ||
| 245 | _bУчебник для вузов. | ||
| 245 | _cРед. Б.Я.Жуховицкий. | ||
| 260 | _aМ. | ||
| 260 | _bЭнергия. | ||
| 260 | _c1972. | ||
| 300 | _a240стр. с илл. 26 см. | ||
| 653 | _aТеоретические основы электроники. | ||
| 942 | _cBK | ||
| 999 |
_c47108 _d47108 |
||